[Event "Titled Tuesday intern op 01st Nov Early"]
[Site "Chess.com INT"]
[Date "2022.11.01"]
[Round "7"]
[White "Palacio, Igor Da Paz"]
[Black "Kaplan, Ebru"]
[Result "1-0"]
[WhiteElo "2172"]
[BlackElo "1944"]
[PlyCount "87"]
[EventDate "2022.11.01"]
[EventType "swiss (blitz)"]
[EventRounds "11"]
[EventCountry "USA"]
[SourceTitle "EXT 2024"]
[Source "ChessBase"]
[SourceDate "2023.10.10"]
[SourceVersion "1"]
[SourceVersionDate "2023.10.10"]
[SourceQuality "1"]

1. e4 c5 2. Nc3 d6 3. g3 g6 4. Bg2 Bg7 5. d3 Nc6 6. f4 Nf6 7. Nf3 e6 8. 0-0 Rb8 9. a4 a6 10. h3 0-0 11. g4 b5 12. axb5 axb5 13. Be3 b4 14. Ne2 Qb6 15. Rb1 b3 16. c3 Ra8 17. Nd2 Rb8 18. Nc1 Na5 19. Ra1 Ba6 20. Rf2 Qb5 21. Bf1 d5 22. e5 Nd7 23. Ncxb3 Nxb3 24. Qxb3 Qc6 25. Qa3 Ra8 26. Qb3 Bc4 27. Qd1 Rxa1 28. Qxa1 Ra8 29. Qb1 Ba2 30. Qc1 f6 31. d4 c4 32. Bg2 Qb5 33. Qc2 Rb8 34. Nf3 Nb6 35. Bc1 f5 36. Ng5 Re8 37. gxf5 gxf5 38. Bf3 Na4 39. Bh5 Re7 40. Rg2 Kh8 41. Nf7+ Kg8 42. Nd6 Qb6 43. Qxa4 Bb3 44. Qa8+ 1-0

[Event "Titled Tuesday intern op 25th Oct Late"]
[Site "Chess.com INT"]
[Date "2022.10.25"]
[Round "2"]
[White "Pein, Jonathan"]
[Black "Kaplan, Ebru"]
[Result "1-0"]
[WhiteElo "2236"]
[BlackElo "1944"]
[PlyCount "139"]
[EventDate "2022.10.25"]
[EventType "swiss (blitz)"]
[EventRounds "11"]
[EventCountry "USA"]
[SourceTitle "EXT 2024"]
[Source "ChessBase"]
[SourceDate "2023.10.10"]
[SourceVersion "1"]
[SourceVersionDate "2023.10.10"]
[SourceQuality "1"]

1. e4 c5 2. Nf3 d6 3. d4 cxd4 4. Nxd4 Nf6 5. Nc3 a6 6. Nb3 e5 7. f4 Be7 8. fxe5 dxe5 9. Bg5 Nc6 10. Qxd8+ Bxd8 11. 0-0-0 0-0 12. Bc4 b5 13. Bd3 Bg4 14. Rdf1 h6 15. Be3 Be7 16. h3 Be6 17. g4 Rac8 18. Kb1 Nb4 19. g5 hxg5 20. Bxg5 Nxd3 21. cxd3 Bxb3 22. axb3 Rfe8 23. Bxf6 Bxf6 24. Rhg1 Re6 25. Nd5 Kf8 26. Rf5 Bd8 27. Rgf1 f6 28. h4 Kf7 29. h5 Be7 30. R5f3 Rh8 31. Rh1 Rc6 32. Rf5 Bc5 33. Rhf1 Be7 34. Rxe5 Bd6 35. Ref5 Ke6 36. Nxf6 gxf6 37. Rxf6+ Ke5 38. R1f5+ Kd4 39. Rd5+ Ke3 40. Rfxd6 Rcc8 41. Rxa6 Kd2 42. h6 Rhg8 43. Rxb5 Rg1+ 44. Ka2 Rcc1 45. b4 Ra1+ 46. Kb3 Rxa6 47. Rh5 Rg8 48. h7 Rh8 49. Kc4 Ra7 50. d4 Rc7+ 51. Kd5 Kd3 52. e5 Rd7+ 53. Kc6 Rxd4 54. b5 Rdd8 55. b6 Rc8+ 56. Kd7 Rcd8+ 57. Kc6 Rc8+ 58. Kb5 Kd4 59. e6 Rb8 60. e7 Rbc8 61. Ka6 Ra8+ 62. Kb7 Rab8+ 63. Kc7 Rbc8+ 64. Kd7 Rb8 65. Rh6 Rbc8 66. b7 Rb8 67. Kc7 Kc4 68. Rc6+ Kd5 69. Rd6+ Ke5 70. Rd8 1-0

[Event "Titled Tuesday intern op 25th Oct Late"]
[Site "Chess.com INT"]
[Date "2022.10.25"]
[Round "1"]
[White "Potapova, Margarita"]
[Black "Kaplan, Ebru"]
[Result "1-0"]
[WhiteElo "2226"]
[BlackElo "1944"]
[PlyCount "57"]
[EventDate "2022.10.25"]
[EventType "swiss (blitz)"]
[EventRounds "11"]
[EventCountry "USA"]
[SourceTitle "EXT 2024"]
[Source "ChessBase"]
[SourceDate "2023.10.10"]
[SourceVersion "1"]
[SourceVersionDate "2023.10.10"]
[SourceQuality "1"]

1. d4 d5 2. c4 c6 3. Nf3 Nf6 4. e3 Bf5 5. Bd3 e6 6. Bxf5 exf5 7. 0-0 Bd6 8. Qc2 g6 9. cxd5 Nxd5 10. Nc3 0-0 11. Nxd5 cxd5 12. Qb3 Nc6 13. Qxb7 Na5 14. Qb5 Rb8 15. Qe2 Re8 16. b3 f4 17. Bd2 Nc6 18. Rac1 Qd7 19. Qd3 fxe3 20. fxe3 f5 21. Rc2 Nb4 22. Bxb4 Bxb4 23. Rfc1 Bd6 24. Rc6 Re7 25. Qa6 Bb4 26. Ne5 Rxe5 27. dxe5 d4 28. Qc4+ Kh8 29. Rc8+ 1-0

[Event "Titled Tuesday intern op 01st Mar Late"]
[Site "Chess.com INT"]
[Date "2022.03.01"]
[Round "11"]
[White "Antonova, Nadezhda"]
[Black "Kaplan, Ebru"]
[Result "1-0"]
[WhiteElo "1842"]
[BlackElo "1944"]
[PlyCount "35"]
[EventDate "2022.03.01"]
[EventType "swiss (blitz)"]
[EventRounds "11"]
[EventCountry "USA"]
[SourceTitle "CBM 207 Extra"]
[Source "ChessBase"]
[SourceDate "2022.05.31"]
[SourceVersion "1"]
[SourceVersionDate "2022.05.31"]
[SourceQuality "1"]

1. Nf3 d5 2. b3 Nf6 3. Bb2 e6 4. e3 Be7 5. d4 0-0 6. Bd3 c5 7. Nbd2 Nc6 8. a3 b6 9. 0-0 Bb7 10. Ne5 Nxe5 11. dxe5 Nd7 12. f4 f6 13. Rf3 fxe5 14. fxe5 Rxf3 15. Qxf3 Qf8 16. Qh3 g6 17. Rf1 Qg7 18. Qxe6+ 1-0

[Event "Titled Tuesday intern op 01st Mar Late"]
[Site "Chess.com INT"]
[Date "2022.03.01"]
[Round "5"]
[White "Kaplan, Ebru"]
[Black "Balint, Vilmos"]
[Result "0-1"]
[WhiteElo "1944"]
[BlackElo "2311"]
[PlyCount "100"]
[EventDate "2022.03.01"]
[EventType "swiss (blitz)"]
[EventRounds "11"]
[EventCountry "USA"]
[SourceTitle "CBM 207 Extra"]
[Source "ChessBase"]
[SourceDate "2022.05.31"]
[SourceVersion "1"]
[SourceVersionDate "2022.05.31"]
[SourceQuality "1"]

1. e4 c5 2. Nf3 Nc6 3. Bb5 d6 4. 0-0 Bd7 5. Re1 a6 6. Bf1 g6 7. c3 Bg7 8. d4 cxd4 9. cxd4 Rc8 10. Nc3 b5 11. d5 Na5 12. e5 dxe5 13. Nxe5 Nf6 14. d6 e6 15. Bg5 h6 16. Bh4 g5 17. Bg3 0-0 18. h4 Nc4 19. Qc1 Nxe5 20. Bxe5 gxh4 21. Qf4 Nh5 22. Qg4 Qg5 23. Qd4 h3 24. g3 f6 25. Bf4 Nxf4 26. Qxf4 Qxf4 27. gxf4 e5 28. Nd5 Rc2 29. Rac1 Rxb2 30. Rc7 Be6 31. Ne7+ Kh7 32. f5 h2+ 33. Kh1 Bf7 34. d7 Rd2 35. Bg2 Rd8 36. Bc6 Bh5 37. Rc8 R8xd7 38. Bxd7 Rxd7 39. Kxh2 Rxe7 40. Rec1 Bg4 41. R1c7 Rxc7 42. Rxc7 Bxf5 43. Ra7 Bd3 44. Rxa6 Kg6 45. Kg2 Kg5 46. Kf3 e4+ 47. Ke3 f5 48. Ra5 Bf8 49. a4 Bc5+ 50. Kd2 Bxf2 0-1

[Event "Titled Tuesday intern op 01st Mar Early"]
[Site "Chess.com INT"]
[Date "2022.03.01"]
[Round "1"]
[White "Kaplan, Ebru"]
[Black "Griffith, Kyron"]
[Result "0-1"]
[WhiteElo "1944"]
[BlackElo "2341"]
[PlyCount "42"]
[EventDate "2022.03.01"]
[EventType "swiss (blitz)"]
[EventRounds "11"]
[EventCountry "USA"]
[SourceTitle "CBM 207 Extra"]
[Source "ChessBase"]
[SourceDate "2022.05.31"]
[SourceVersion "1"]
[SourceVersionDate "2022.05.31"]
[SourceQuality "1"]

1. e4 d5 2. exd5 Nf6 3. Bb5+ Nbd7 4. Nf3 a6 5. Be2 b5 6. 0-0 Bb7 7. d4 Nb6 8. b3 Qxd5 9. Bb2 e6 10. c4 Qf5 11. d5 0-0-0 12. Nd4 Qg6 13. Bd3 Qh6 14. Nc6 Bxc6 15. dxc6 bxc4 16. bxc4 Bc5 17. a4 Rd6 18. Qf3 Rhd8 19. Bxf6 Rxd3 20. Bxg7 Qxg7 21. Qe4 Qxa1 0-1

[Event "Titled Tuesday intern op 01st Mar Late"]
[Site "Chess.com INT"]
[Date "2022.03.01"]
[Round "8"]
[White "Kaplan, Ebru"]
[Black "Winkels, Marcel"]
[Result "1-0"]
[WhiteElo "1944"]
[BlackElo "1979"]
[PlyCount "43"]
[EventDate "2022.03.01"]
[EventType "swiss (blitz)"]
[EventRounds "11"]
[EventCountry "USA"]
[SourceTitle "CBM 207 Extra"]
[Source "ChessBase"]
[SourceDate "2022.05.31"]
[SourceVersion "1"]
[SourceVersionDate "2022.05.31"]
[SourceQuality "1"]

1. e4 g6 2. d4 Bg7 3. Nf3 c6 4. Bd3 d5 5. e5 h5 6. c4 Nh6 7. Nc3 Bf5 8. Bxh6 Bxh6 9. Bxf5 gxf5 10. cxd5 cxd5 11. Qb3 e6 12. Qxb7 Nd7 13. Nb5 Rb8 14. Nd6+ Kf8 15. Qxa7 Rxb2 16. 0-0 Rg8 17. Rab1 Rxb1 18. Rxb1 Rg7 19. Rb7 f6 20. exf6 Nxf6 21. Rxg7 Bxg7 22. Qf7# 1-0

[Event "Titled Tuesday intern op 22nd Feb Early"]
[Site "Chess.com INT"]
[Date "2022.02.22"]
[Round "3"]
[White "Kaplan, Ebru"]
[Black "Sarkar, Justin"]
[Result "1-0"]
[WhiteElo "1944"]
[BlackElo "2314"]
[PlyCount "89"]
[EventDate "2022.02.22"]
[EventType "swiss (blitz)"]
[EventRounds "11"]
[EventCountry "USA"]
[SourceTitle "CBM 207 Extra"]
[Source "ChessBase"]
[SourceDate "2022.05.31"]
[SourceVersion "1"]
[SourceVersionDate "2022.05.31"]
[SourceQuality "1"]

1. e4 c5 2. Nf3 Nc6 3. Bb5 g6 4. Bxc6 bxc6 5. 0-0 Bg7 6. Re1 Nf6 7. e5 Nd5 8. c4 Nc7 9. d4 cxd4 10. Qxd4 Ne6 11. Qh4 h6 12. Nc3 g5 13. Qe4 0-0 14. h4 f5 15. exf6 exf6 16. b3 f5 17. Qd3 g4 18. Ne5 Qxh4 19. Ng6 Qf6 20. Nxf8 Qxc3 21. Qxc3 Bxc3 22. Nxe6 dxe6 23. Bxh6 e5 24. Rac1 Bxe1 25. Rxe1 Be6 26. Rxe5 Kf7 27. Be3 a6 28. Rc5 Bd7 29. Kf1 Re8 30. Ra5 Bc8 31. Rc5 Bd7 32. g3 Kg6 33. Ra5 Bc8 34. Bf4 Re4 35. Re5 Rxe5 36. Bxe5 Kf7 37. Ke2 Ke6 38. Bf4 Bd7 39. Ke3 Be8 40. Kd4 Kd7 41. Kc5 Kc8 42. Kb6 a5 43. Kxa5 Kb7 44. Kb4 Bf7 45. Kc5 1-0

[Event "Titled Tuesday intern op 22nd Feb Early"]
[Site "Chess.com INT"]
[Date "2022.02.22"]
[Round "7"]
[White "Piliczewski, Bogusz"]
[Black "Kaplan, Ebru"]
[Result "1/2-1/2"]
[WhiteElo "1938"]
[BlackElo "1944"]
[PlyCount "55"]
[EventDate "2022.02.22"]
[EventType "swiss (blitz)"]
[EventRounds "11"]
[EventCountry "USA"]
[SourceTitle "CBM 207 Extra"]
[Source "ChessBase"]
[SourceDate "2022.05.31"]
[SourceVersion "1"]
[SourceVersionDate "2022.05.31"]
[SourceQuality "1"]

1. d4 d5 2. Nf3 Nf6 3. c4 c6 4. e3 Bf5 5. Bd3 Bg6 6. 0-0 e6 7. Nc3 Be7 8. Qe2 0-0 9. e4 dxe4 10. Nxe4 Nxe4 11. Bxe4 Bxe4 12. Qxe4 Nd7 13. Rd1 Nf6 14. Qf4 Bd6 15. Qh4 h6 16. Ne5 Qe7 17. Rd3 Nd5 18. Qg3 Nb4 19. Bxh6 Qf6 20. Qxg7+ Qxg7 21. Bxg7 Kxg7 22. Rg3+ Kh7 23. Rh3+ Kg7 24. Rg3+ Kh6 25. Rh3+ Kg5 26. Rg3+ Kh6 27. Rh3+ Kg7 28. Rg3+ 1/2-1/2

[Event "TUR-chT 1st League"]
[Site "Konya"]
[Date "2018.07.16"]
[Round "1.5"]
[White "Demirtas, Hafize"]
[Black "Kaplan, Ebru"]
[Result "0-1"]
[WhiteElo "1672"]
[BlackElo "1890"]
[PlyCount "86"]
[EventDate "2018.07.16"]
[EventType "team-swiss"]
[EventRounds "9"]
[EventCountry "TUR"]
[SourceTitle "EXT 2019"]
[Source "ChessBase"]
[SourceDate "2018.10.10"]
[SourceVersion "1"]
[SourceVersionDate "2018.10.10"]
[SourceQuality "1"]
[WhiteTeam "Burdurspor Dernegi"]
[BlackTeam "Berk Tugra Caliskan"]
[WhiteTeamCountry "TUR"]
[BlackTeamCountry "TUR"]

1. e4 c5 2. Nf3 d6 3. Bb5+ Nd7 4. d4 cxd4 5. Qxd4 a6 6. Bxd7+ Bxd7 7. Bg5 Rc8 8. Nc3 e5 9. Qa7 Qc7 10. 0-0 Be6 11. Rad1 h6 12. Be3 Nf6 13. Nd5 Nxd5 14. exd5 Bg4 15. Rd3 Qb8 16. Qb6 Be7 17. Rb3 Bd8 18. Qb4 Bxf3 19. gxf3 b5 20. Qg4 Bf6 21. c4 0-0 22. cxb5 axb5 23. Qd7 b4 24. a3 Qa8 25. Rd1 Rfd8 26. Qb5 bxa3 27. Rxa3 Qb8 28. Bb6 Rf8 29. Rda1 Rc2 30. Qb3 Qc8 31. Ra8 Rc1+ 32. Kg2 Rxa1 33. Rxc8 Rxc8 34. Qb5 Rb8 35. b4 g6 36. f4 exf4 37. Kf3 Kg7 38. Ke4 g5 39. Kf5 Re1 40. Qc6 h5 41. Bd4 Bxd4 42. Kxg5 Be5 43. Kxh5 Rg1 0-1

[Event "TUR-ch"]
[Site "Suleymanpasa"]
[Date "2017.11.19"]
[Round "9"]
[White "Kaplan, Ebru"]
[Black "Soysal, Serkan"]
[Result "0-1"]
[WhiteElo "1992"]
[BlackElo "2402"]
[PlyCount "116"]
[EventDate "2017.11.11"]
[EventType "tourn"]
[EventRounds "11"]
[EventCountry "TUR"]
[EventCategory "5"]
[SourceTitle "CBM 181 Extra"]
[Source "ChessBase"]
[SourceDate "2017.12.12"]
[SourceVersion "1"]
[SourceVersionDate "2017.12.12"]
[SourceQuality "1"]

1. e4 c5 2. Nf3 a6 3. d4 cxd4 4. Nxd4 Nf6 5. Nc3 e5 6. Nb3 Bb4 7. Bd2 0-0 8. f3 Nc6 9. Bd3 Bxc3 10. Bxc3 d5 11. 0-0 Qb6+ 12. Kh1 Be6 13. Qe1 Rfe8 14. Rd1 a5 15. exd5 Nxd5 16. Qh4 g6 17. Be1 a4 18. Bf2 Qb4 19. Qxb4 Ndxb4 20. Nc5 Nxd3 21. cxd3 Bxa2 22. Ra1 Bb3 23. Nxb7 Nb4 24. Nc5 Rad8 25. Bh4 Rd4 26. Bf2 Rd5 27. Nxa4 Bxa4 28. Rxa4 Nxd3 29. h3 Nxb2 30. Ra7 Nd3 31. Bg3 Red8 32. Rb1 R5d7 33. Ra5 f6 34. Ra6 Rd6 35. Ra7 R8d7 36. Ra8+ Kf7 37. Rbb8 Ke6 38. Re8+ Kf5 39. Kh2 h5 40. h4 Rd5 41. Rg8 Nc5 42. Bf2 Nd3 43. Be3 Nb2 44. Rac8 Nd1 45. Bc1 Rd4 46. Kh3 R7d5 47. Rc7 Rd3 48. Rc4 R5d4 49. Rc5 Nf2+ 50. Kh2 Rxh4+ 51. Kg3 Ne4+ 52. Kxh4 Nxc5 53. g4+ hxg4 54. fxg4+ Ke6 55. Rxg6 Kf7 56. Rh6 Ne4 57. Rh7+ Kg6 58. Rc7 Nf2 0-1

[Event "TUR-ch"]
[Site "Suleymanpasa"]
[Date "2017.11.15"]
[Round "5"]
[White "Yilmaz, Mustafa"]
[Black "Kaplan, Ebru"]
[Result "1-0"]
[WhiteElo "2637"]
[BlackElo "1992"]
[PlyCount "67"]
[EventDate "2017.11.11"]
[EventType "tourn"]
[EventRounds "11"]
[EventCountry "TUR"]
[EventCategory "5"]
[SourceTitle "CBM 181 Extra"]
[Source "ChessBase"]
[SourceDate "2017.12.12"]
[SourceVersion "1"]
[SourceVersionDate "2017.12.12"]
[SourceQuality "1"]

1. c4 Nf6 2. Nc3 g6 3. e4 d6 4. d4 Bg7 5. h3 0-0 6. Nf3 e5 7. d5 a5 8. g4 Na6 9. Be3 Kh8 10. Be2 Ng8 11. h4 f5 12. h5 gxh5 13. gxf5 Nf6 14. Ng5 Kg8 15. Bxh5 Nc5 16. Ne6 Bxe6 17. fxe6 Qe7 18. Bf7+ Rxf7 19. exf7+ Qxf7 20. Bxc5 dxc5 21. Qf3 a4 22. 0-0-0 a3 23. b3 Rf8 24. Qh3 Re8 25. Rdg1 h5 26. Qf5 Re7 27. Rg6 Qf8 28. Rhg1 Rf7 29. Rh6 Qd6 30. f4 Kf8 31. Rxg7 Kxg7 32. Qg5+ Kf8 33. Rh8+ Ke7 34. fxe5 1-0

[Event "TUR-ch"]
[Site "Suleymanpasa"]
[Date "2017.11.14"]
[Round "4"]
[White "Kaplan, Ebru"]
[Black "Kilic, Efe Mert"]
[Result "0-1"]
[WhiteElo "1992"]
[BlackElo "2258"]
[PlyCount "104"]
[EventDate "2017.11.11"]
[EventType "tourn"]
[EventRounds "11"]
[EventCountry "TUR"]
[EventCategory "5"]
[SourceTitle "CBM 181 Extra"]
[Source "ChessBase"]
[SourceDate "2017.12.12"]
[SourceVersion "1"]
[SourceVersionDate "2017.12.12"]
[SourceQuality "1"]

1. e4 e5 2. Nf3 d6 3. d4 exd4 4. Nxd4 Nf6 5. Nc3 Be7 6. Qf3 0-0 7. Nf5 Bxf5 8. exf5 d5 9. Bg5 c6 10. 0-0-0 Nbd7 11. h4 b5 12. g4 Qa5 13. Kb1 Bb4 14. Ne2 Ne4 15. Nd4 Ne5 16. Qf4 Bd6 17. f3 Nf2 18. Be2 Nxd1 19. Bxd1 f6 20. Qh2 Nc4 21. Qg2 Qb6 22. Ne6 Rfe8 23. Bc1 Ne3 24. Qh3 Nxd1 25. Rxd1 Qf2 26. g5 Qg3 27. Qh1 Qh2 28. Qe1 Qe5 29. Qxe5 fxe5 30. f4 exf4 31. Nxf4 Bxf4 32. Bxf4 Rf8 33. f6 gxf6 34. gxf6 Rxf6 35. Be5 Re6 36. Bd4 Kf7 37. Rf1+ Kg6 38. c3 a5 39. a4 bxa4 40. Ka2 Rb8 41. Rf2 Kh5 42. Ka3 h6 43. Rh2 Re1 44. Ka2 Rb3 45. Bf6 Rb7 46. Bd8 a3 47. b3 Re3 48. Rc2 d4 49. cxd4 Rbxb3 50. Rc5+ Kg4 51. Bxa5 Rb2+ 52. Ka1 Rb5 0-1

[Event "TUR-ch"]
[Site "Suleymanpasa"]
[Date "2017.11.12"]
[Round "2"]
[White "Kaplan, Ebru"]
[Black "Ozen, Deniz"]
[Result "0-1"]
[WhiteElo "1992"]
[BlackElo "2410"]
[PlyCount "114"]
[EventDate "2017.11.11"]
[EventType "tourn"]
[EventRounds "11"]
[EventCountry "TUR"]
[EventCategory "5"]
[SourceTitle "CBM 181 Extra"]
[Source "ChessBase"]
[SourceDate "2017.12.12"]
[SourceVersion "1"]
[SourceVersionDate "2017.12.12"]
[SourceQuality "1"]

1. e4 g6 2. d4 Bg7 3. Nc3 c6 4. f4 d5 5. e5 h5 6. Nf3 Nh6 7. Bd3 Bf5 8. 0-0 0-0 9. Ne2 e6 10. Bxf5 Nxf5 11. Ng3 Bh6 12. c3 Nd7 13. Qe1 Re8 14. Kh1 Nf8 15. h3 Qe7 16. Nxf5 exf5 17. Nh2 Bg7 18. g4 hxg4 19. hxg4 fxg4 20. Nxg4 f5 21. Nh2 Kf7 22. Qg3 Ke6 23. Nf3 Kd7 24. Kg2 Kc7 25. b3 Ne6 26. Rh1 Rh8 27. Bd2 Rag8 28. Rxh8 Bxh8 29. Ng5 Nxg5 30. Qxg5 Qxg5+ 31. fxg5 Bg7 32. Rh1 Rh8 33. Rxh8 Bxh8 34. Bc1 c5 35. Ba3 Kc6 36. Kf3 b6 37. Kf4 Bg7 38. Kf3 Kd7 39. Kf4 Ke6 40. Bc1 Bf8 41. Be3 Be7 42. Bc1 a5 43. Be3 c4 44. bxc4 dxc4 45. a4 Ba3 46. Bd2 Kd5 47. Ke3 Be7 48. Kf4 Ba3 49. Ke3 Kc6 50. Kf4 b5 51. d5+ Kxd5 52. axb5 Bc5 53. Bc1 a4 54. Bb2 a3 55. Bc1 a2 56. Bb2 Bb6 57. Ba1 Bc7 0-1

[Event "TUR-ch"]
[Site "Suleymanpasa"]
[Date "2017.11.11"]
[Round "1"]
[White "Eminov, Orkhan"]
[Black "Kaplan, Ebru"]
[Result "1-0"]
[WhiteElo "2254"]
[BlackElo "1992"]
[PlyCount "111"]
[EventDate "2017.11.11"]
[EventType "tourn"]
[EventRounds "11"]
[EventCountry "TUR"]
[EventCategory "5"]
[SourceTitle "CBM 181 Extra"]
[Source "ChessBase"]
[SourceDate "2017.12.12"]
[SourceVersion "1"]
[SourceVersionDate "2017.12.12"]
[SourceQuality "1"]

1. e4 c5 2. Nf3 d6 3. d4 Nf6 4. Nc3 cxd4 5. Nxd4 g6 6. g3 Bg7 7. Bg2 0-0 8. 0-0 a6 9. Re1 e5 10. Nde2 Be6 11. h3 Nc6 12. Bg5 Rc8 13. Qd2 Qc7 14. Rac1 Rfd8 15. Nd5 Bxd5 16. exd5 Na5 17. b3 b5 18. Qb4 Nb7 19. Qh4 Qe7 20. Nd4 Na5 21. c4 Rd7 22. Nc6 Nxc6 23. dxc6 Rdc7 24. cxb5 axb5 25. Qb4 Ra7 26. Qxb5 Rxa2 27. c7 h6 28. Qb7 Qe6 29. Bxf6 Bxf6 30. Red1 Qf5 31. Qxc8+ Qxc8 32. Bb7 Qxb7 33. c8Q+ Qxc8 34. Rxc8+ Kg7 35. Rxd6 e4 36. Rd7 e3 37. fxe3 Be5 38. g4 h5 39. gxh5 gxh5 40. Rc5 Bh2+ 41. Kh1 Kg6 42. Rdd5 f6 43. Rxh5 Bg3 44. Rhd5 Re2 45. Rd3 Bf2 46. Kg2 Rb2 47. Kf3 Be1 48. Rd1 Rf2+ 49. Ke4 Bb4 50. Rg1+ Kf7 51. Rc7+ Ke6 52. Rc6+ Kd7 53. Rb6 f5+ 54. Kd5 Rd2+ 55. Ke5 Bc5 56. Rg7+ 1-0